000 00871nam a2200229Ii 4500
003 JO-AjNU
008 230605s9999||||xx |||||||||||||| ||und||
020 _a978-99966-38-02-2
040 _aJO-AjNU
_bara
_erda
_cJO-AjNU
041 _aara
050 1 4 _aBP144.2011
100 3 _aالمفرجي، زياد خالد,
_eauthor
_950887
245 0 0 _aالتنظيم القانوني لإدارة الأوقاف في العراق
250 _aط1
264 3 1 _aالكويت: الأمانة العامة للأوقاف، 2011
300 _a153ص
336 _atext
_btxt
_2rdacontent
337 _aunmediated
_bn
_2rdamedia
338 _avolume
_bnc
_2rdacarrier
490 0 _aسلسلة رسائل جامعية (14) ماجستير
650 4 _aالوقف -- العراق -- قوانين وتشريعات -- الوقف -- العراق -- تنظيم وإدارة
_950888
999 _aA22444
_c26012
_d26012